| 000 | 00570cam a2200169Ka 4500 | ||
|---|---|---|---|
| 082 |
_a968.4 _bLIN |
||
| 100 | 1 |
_aGrant, Maurice Harold, _950064 |
|
| 245 | 1 | 0 |
_aWords by an eyewitness _bthe struggle in Natal / _cby "Linesman." |
| 250 | _a6th impression | ||
| 260 |
_aEdinburgh ; _aLondon : _bW. Blackwood and Sons, _c1902. |
||
| 300 |
_a343 p. ; _c19 cm. |
||
| 526 |
_a0 _b0 _c0 _d968_400000000000000_LIN |
||
| 650 | 0 |
_aMCE _9379 |
|
| 650 | 0 |
_aSouth African War, 1899-1902 _937963 |
|
| 856 | 4 | 0 | _uhttp://catalog.hathitrust.org/api/volumes/oclc/8406472.html |
| 942 |
_2ddc _cBK |
||
| 999 |
_c552820 _d552820 |
||